000 00823cam a22002771 4500
001 69141
003 BD-RjUL
005 20211209081843.0
008 760430s1949 enkb b 001 0 eng
035 _a(BD-RjUL)69352
035 _a(OCoLC)2149820
040 _aDLC
_cMSohG
_dDLC
_beng
041 _aeng
042 _apremarc
082 _223
_a956.94
_bPAH 1949
100 1 _aParkes, James,
_d1896-1981.
_9228565
245 0 2 _aA history of Palestine from 135 A.D. to modern times./
_cJames Parkes,
260 _aLondon :
_bVictor Gollancz,
_c1949.
300 _a391 p. :
_b ill. maps.;
_c23 cm.
504 _a"Bibliographies": p. 364-375.
651 0 _aPalestine
_xHistory.
_9228566
906 _a7
_bcbc
_coclcrpl
_du
_encip
_f19
_gy-gencatlg
942 _2ddc
_cBK
999 _c69141
_d69141